000 00645nam a22002297a 4500
001 826
003 BD-RjUL
005 20211208233233.0
008 131123r19931986ii |||| |||| 001 0 eng d
020 _a8120714733
035 _a(BD-RjUL)846
040 _aBD-RjUL
_beng
_cBD-RjUL
041 _aeng
082 0 4 _219
_a 020.71025
_bBOI 1993
100 1 _aBose, H.
_92461
245 1 _aInformation Science :
_bPrinciples and Practice /
_cH. Bose
250 _a2nd. Rev and Enl. ed.
260 _aDelhi :
_bSterling Publishers Private Ltd.,
_cc1993.
300 _axiii,199p. ;
_c21 cm.
650 0 7 _2SLSH
_a Information science
_92462
942 _2ddc
_cBK
999 _c826
_d826